<?xml version="1.0" encoding="UTF-8"?><?xml-stylesheet type="text/xsl" href="static/style.xsl"?><OAI-PMH xmlns="http://www.openarchives.org/OAI/2.0/" xmlns:xsi="http://www.w3.org/2001/XMLSchema-instance" xsi:schemaLocation="http://www.openarchives.org/OAI/2.0/ http://www.openarchives.org/OAI/2.0/OAI-PMH.xsd"><responseDate>2026-04-13T02:42:47Z</responseDate><request verb="GetRecord" identifier="oai:www.recercat.cat:2117/420895" metadataPrefix="marc">https://recercat.cat/oai/request</request><GetRecord><record><header><identifier>oai:recercat.cat:2117/420895</identifier><datestamp>2025-07-23T04:09:13Z</datestamp><setSpec>com_2072_1033</setSpec><setSpec>col_2072_452951</setSpec></header><metadata><record xmlns="http://www.loc.gov/MARC21/slim" xmlns:dcterms="http://purl.org/dc/terms/" xmlns:xsi="http://www.w3.org/2001/XMLSchema-instance" xmlns:doc="http://www.lyncode.com/xoai" xsi:schemaLocation="http://www.loc.gov/MARC21/slim http://www.loc.gov/standards/marcxml/schema/MARC21slim.xsd">
   <leader>00925njm 22002777a 4500</leader>
   <datafield ind2=" " ind1=" " tag="042">
      <subfield code="a">dc</subfield>
   </datafield>
   <datafield ind2=" " ind1=" " tag="720">
      <subfield code="a">Carrascosa López, Sergio</subfield>
      <subfield code="e">author</subfield>
   </datafield>
   <datafield ind2=" " ind1=" " tag="260">
      <subfield code="c">2024-06-25</subfield>
   </datafield>
   <datafield ind2=" " ind1=" " tag="520">
      <subfield code="a">La amputació d’una extremitat en un caní, pot esdevenir en dolors i deformacions. Una de les&#xd;
maneres de prevenir aquestes lesions és fent ús de pròtesis.&#xd;
Les amputacions d’extremitat en gossos pot estar causada principalment per dos motius: un&#xd;
traumatisme o una malaltia. Com a resultat d’una amputació, els canins poden patir lesions i&#xd;
deformacions. Tot i que aquests procediments veterinaris són força comuns, el mercat en l’àmbit de&#xd;
les pròtesis està molt poc explotat i la recerca és molt escassa.&#xd;
Aquest TFG té com a objectiu realitzar un disseny d’una pròtesis articulada, seguint i adaptant els&#xd;
criteris de disseny de pròtesis per humans. Es realitzarà un model en 3D amb el qual realitzar&#xd;
simulacions de servei i s’intentarà fer un disseny el màxim d’econòmic possible.</subfield>
   </datafield>
   <datafield ind2=" " ind1=" " tag="520">
      <subfield code="a">La amputación de una extremidad en un canino puede causar dolores y deformaciones. Una de las&#xd;
maneras de prevenir estas lesiones es mediante el uso de prótesis.&#xd;
Las amputaciones de extremidades en perros pueden estar causadas principalmente por dos&#xd;
motivos: un traumatismo o una enfermedad. Como resultado de una amputación, los caninos&#xd;
pueden sufrir lesiones y deformaciones. Aunque estos procedimientos veterinarios son bastante&#xd;
comunes, el mercado en el ámbito de las prótesis está muy poco explotado y la investigación es muy&#xd;
escasa.&#xd;
Este TFG tiene como objetivo realizar un diseño de una prótesis articulada, siguiendo y adaptando los&#xd;
criterios de diseño de prótesis para humanos. Se realizará un modelo en 3D con el cual se realizarán&#xd;
simulaciones de servicio y se intentará hacer un diseño lo más económico posible.</subfield>
   </datafield>
   <datafield ind2=" " ind1=" " tag="520">
      <subfield code="a">The amputation of a limb in a canine can result in pain and deformities. One of the ways to prevent&#xd;
these injuries is through the use of prosthetics.&#xd;
Limb amputations in dogs can be primarily caused by two reasons: trauma or disease. As a result of&#xd;
an amputation, canines can suffer injuries and deformities. Although these veterinary procedures are&#xd;
quite common, the market for prosthetics is very underdeveloped and research is very scarce.&#xd;
This TFG aims to design an articulated prosthetic, following and adapting the design criteria for&#xd;
human prosthetics. A 3D model will be created for service simulations, and an attempt will be made&#xd;
to make the design as economical as possible.</subfield>
   </datafield>
   <datafield tag="653" ind2=" " ind1=" ">
      <subfield code="a">Àrees temàtiques de la UPC::Enginyeria biomèdica::Biomaterials::Pròtesis</subfield>
   </datafield>
   <datafield tag="653" ind2=" " ind1=" ">
      <subfield code="a">Àrees temàtiques de la UPC::Enginyeria biomèdica::Biomecànica</subfield>
   </datafield>
   <datafield tag="653" ind2=" " ind1=" ">
      <subfield code="a">Àrees temàtiques de la UPC::Enginyeria mecànica</subfield>
   </datafield>
   <datafield tag="653" ind2=" " ind1=" ">
      <subfield code="a">Orthopedic implants--Design</subfield>
   </datafield>
   <datafield tag="653" ind2=" " ind1=" ">
      <subfield code="a">Three-dimensional printing</subfield>
   </datafield>
   <datafield tag="653" ind2=" " ind1=" ">
      <subfield code="a">Dogs</subfield>
   </datafield>
   <datafield tag="653" ind2=" " ind1=" ">
      <subfield code="a">Pròtesis</subfield>
   </datafield>
   <datafield tag="653" ind2=" " ind1=" ">
      <subfield code="a">prótesis</subfield>
   </datafield>
   <datafield tag="653" ind2=" " ind1=" ">
      <subfield code="a">gos</subfield>
   </datafield>
   <datafield tag="653" ind2=" " ind1=" ">
      <subfield code="a">perro</subfield>
   </datafield>
   <datafield tag="653" ind2=" " ind1=" ">
      <subfield code="a">can</subfield>
   </datafield>
   <datafield tag="653" ind2=" " ind1=" ">
      <subfield code="a">caní</subfield>
   </datafield>
   <datafield tag="653" ind2=" " ind1=" ">
      <subfield code="a">canino</subfield>
   </datafield>
   <datafield tag="653" ind2=" " ind1=" ">
      <subfield code="a">amputació</subfield>
   </datafield>
   <datafield tag="653" ind2=" " ind1=" ">
      <subfield code="a">amputación</subfield>
   </datafield>
   <datafield tag="653" ind2=" " ind1=" ">
      <subfield code="a">disseny</subfield>
   </datafield>
   <datafield tag="653" ind2=" " ind1=" ">
      <subfield code="a">diseño</subfield>
   </datafield>
   <datafield tag="653" ind2=" " ind1=" ">
      <subfield code="a">Pròtesis -- Disseny</subfield>
   </datafield>
   <datafield tag="653" ind2=" " ind1=" ">
      <subfield code="a">Impressió 3D</subfield>
   </datafield>
   <datafield tag="653" ind2=" " ind1=" ">
      <subfield code="a">Gossos</subfield>
   </datafield>
   <datafield ind2="0" ind1="0" tag="245">
      <subfield code="a">Diseño de una prótesis articulada para una amputación transfemoral canina</subfield>
   </datafield>
</record></metadata></record></GetRecord></OAI-PMH>